| 000 | 01147nmc a2200373 a 4500 | ||
|---|---|---|---|
| 003 | AR-BaBNM | ||
| 005 | 20251128204723.0 | ||
| 008 | 015119s1993 ||||||||||||||000 | spa|| | ||
| 020 | _a84-7774-086-0 | ||
| 040 | _cAR-BaBNM | ||
| 100 | 1 | _aBronfenbrenner, Urie | |
| 245 | 1 | 0 |
_aEducación de los niños en dos culturas _bcomparaciones entre los Estados Unidos y la ex-Unión Soviética |
| 260 |
_aMadrid _bVisor _c1993 |
||
| 300 | 0 |
_a170 p. _bil., cuadros |
|
| 490 | 0 |
_aAprendizaje _vv. 86 |
|
| 500 | 0 | _aContiene índice de autores en p. 169-170 | |
| 650 | 4 | _aEDUCACION DEL NINO | |
| 650 | 4 | _aEDUCACION FAMILIAR | |
| 650 | 4 | _aPRINCIPIOS EDUCACIONALES | |
| 650 | 4 | _aFINALIDADES DE LA EDUCACION | |
| 650 | 4 | _aNECESIDADES EDUCACIONALES | |
| 650 | 4 | _aDESARROLLO DE LA EDUCACION | |
| 650 | 4 | _aEDUCACION COMPARADA | |
| 650 | 4 | _aRELACIONES SOCIALES | |
| 650 | 4 | _aINFLUENCIA DEL AMBIENTE | |
| 650 | 4 | _aSISTEMAS EDUCACIONALES | |
| 650 | 4 | _aEDUCACION CULTURAL | |
| 651 | 4 | _aURSS | |
| 651 | 4 | _aEstados Unidos | |
| 700 | 1 |
_aJiménez, Begoña _etraductor |
|
| 800 | 1 |
_aLinaza, José Luis _edirector |
|
| 942 | _cBK | ||
| 998 | _cGLORIA | ||
| 999 |
_c8556 _d8556 |
||